[Event "Titled Tuesday intern op 10th Sep Late"]
[Site "Chess,com INT"]
[Date "2024.09.10"]
[Round "3"]
[White "Korchmar, Vasiliy"]
[Black "Plotkin, Mark"]
[Result "0-1"]
[WhiteElo "2429"]
[BlackElo "2339"]
[PlyCount "70"]
[EventDate "2024.09.10"]
[EventType "swiss (blitz)"]
[EventRounds "11"]
[EventCountry "USA"]
[SourceTitle "EXT 2025"]
[Source "ChessBase"]
[SourceDate "2024.10.14"]
[SourceVersion "1"]
[SourceVersionDate "2024.10.14"]
[SourceQuality "1"]

1. e4 g6 2. d4 Bg7 3. Nc3 d6 4. f4 Nf6 5. Nf3 0-0 6. Bd3 Nc6 7. 0-0 Bg4 8. Be3 e5 9. fxe5 dxe5 10. d5 Nd4 11. Be2 Bxf3 12. Bxf3 c6 13. Kh1 Nd7 14. Ne2 cxd5 15. Nxd4 exd4 16. Bxd4 dxe4 17. Bxe4 Qc7 18. Bxg7 Kxg7 19. Qd4+ Ne5 20. Bxb7 Rad8 21. Qf4 f6 22. Be4 Rd4 23. c3 Rd6 24. Rad1 Rxd1 25. Rxd1 Qb6 26. Qd2 Rf7 27. Qe2 Re7 28. h3 Qc5 29. Qc2 f5 30. Bd5 h5 31. Bb3 Qe3 32. Qd2 Qg3 33. Qd6 Qh4 34. Qd4 Qf6 35. Re1 f4 0-1

[Event "Toronto Crown op"]
[Site "Toronto"]
[Date "2024.09.02"]
[Round "6"]
[White "Atanasov, Anthony"]
[Black "Plotkin, Mark"]
[Result "1-0"]
[WhiteElo "2396"]
[BlackElo "2339"]
[PlyCount "81"]
[EventDate "2024.08.31"]
[EventType "swiss"]
[EventRounds "6"]
[EventCountry "CAN"]
[SourceTitle "EXT 2025"]
[Source "ChessBase"]
[SourceDate "2024.10.14"]
[SourceVersion "1"]
[SourceVersionDate "2024.10.14"]
[SourceQuality "1"]

1. e4 c5 2. Nf3 Nc6 3. Bb5 e5 4. c3 Bd6 5. 0-0 Nge7 6. d4 cxd4 7. cxd4 Nxd4 8. Nxd4 exd4 9. Qxd4 Qc7 10. h3 a6 11. Ba4 0-0 12. Nc3 b5 13. Bb3 Be5 14. Qd3 Bb7 15. Bg5 Ng6 16. Nd5 Bxd5 17. Bxd5 Rab8 18. Rac1 Qb6 19. Qd2 h6 20. Be3 Qf6 21. f4 Bxb2 22. Rc2 Ba3 23. e5 Qe7 24. f5 Nxe5 25. Bxh6 Rb6 26. Be3 Bb4 27. Qd4 Ba5 28. Kh1 Re8 29. Qe4 Qf6 30. Bxb6 Bxb6 31. Rfc1 d6 32. Rc8 Rxc8 33. Rxc8+ Kh7 34. Rc1 Qg5 35. Rf1 Kg8 36. Bxf7+ Kxf7 37. Qb7+ Kg8 38. Qxb6 Nc4 39. Qxa6 Ne3 40. Rf2 Ng4 41. Qc8+ 1-0

[Event "Toronto Crown op"]
[Site "Toronto"]
[Date "2024.08.31"]
[Round "2"]
[White "Laksshana, Deepak"]
[Black "Plotkin, Mark"]
[Result "0-1"]
[WhiteElo "1737"]
[BlackElo "2339"]
[PlyCount "70"]
[EventDate "2024.08.31"]
[EventType "swiss"]
[EventRounds "6"]
[EventCountry "CAN"]
[SourceTitle "EXT 2025"]
[Source "ChessBase"]
[SourceDate "2024.10.14"]
[SourceVersion "1"]
[SourceVersionDate "2024.10.14"]
[SourceQuality "1"]

1. Nf3 g6 2. d4 Bg7 3. e3 Nf6 4. b3 0-0 5. Bb2 d6 6. Be2 Nc6 7. 0-0 a5 8. c4 a4 9. bxa4 e5 10. Nc3 e4 11. Nd2 Re8 12. Re1 h5 13. f3 exf3 14. Bxf3 Ng4 15. Bxg4 Bxg4 16. Nf3 Ra5 17. Nd5 Ne7 18. e4 Nxd5 19. cxd5 Qd7 20. Rc1 f5 21. h3 Bxf3 22. Qxf3 Rxa4 23. e5 Rxa2 24. Qb3 Raa8 25. e6 Qe7 26. Rc2 b6 27. Qb5 Qh4 28. Rd1 Re7 29. Rc4 Qe4 30. Bc3 Ra2 31. Rd2 Qe1+ 32. Kh2 Rxd2 33. Ra4 Qe2 34. Ra8+ Kh7 35. Qxe2 Rxe2 0-1

[Event "Toronto Candidates Blitz op"]
[Site "Toronto"]
[Date "2024.04.08"]
[Round "7"]
[White "Plotkin, Mark"]
[Black "Golubka, Petr"]
[Result "0-1"]
[WhiteElo "2344"]
[BlackElo "2398"]
[PlyCount "78"]
[EventDate "2024.04.08"]
[EventType "swiss (blitz)"]
[EventRounds "9"]
[EventCountry "CAN"]
[SourceTitle "CBM 219 Extra"]
[Source "ChessBase"]
[SourceDate "2024.05.31"]
[SourceVersion "1"]
[SourceVersionDate "2024.05.31"]
[SourceQuality "1"]

1. e4 e6 2. d4 d5 3. Nc3 Bb4 4. e5 b6 5. h4 h5 6. Be2 Ba6 7. Bd2 Bxe2 8. Ncxe2 Bxd2+ 9. Qxd2 Nh6 10. Ng3 g6 11. Qg5 c5 12. Nf3 Nc6 13. dxc5 bxc5 14. Qxd8+ Rxd8 15. 0-0 Ng4 16. Rfe1 Ke7 17. c3 a5 18. b3 Rd7 19. Re2 Rb8 20. Rae1 a4 21. bxa4 Ra7 22. c4 Rxa4 23. cxd5 exd5 24. Rc2 c4 25. Ne2 Nb4 26. Rb2 Rxa2 27. Reb1 Rxb2 28. Rxb2 Nc6 29. Rxb8 Nxb8 30. Ned4 Kd7 31. Ng5 Nxe5 32. f4 Nbc6 33. Nb5 f6 34. Nh7 Ng4 35. Kf1 Ke7 36. Nc3 Nb4 37. Ke2 d4 38. Ne4 c3 39. Nc5 Kf7 0-1

[Event "Canadian zt"]
[Site "Toronto"]
[Date "2024.03.30"]
[Round "6"]
[White "Plotkin, Mark"]
[Black "Panjwani, Raja"]
[Result "1/2-1/2"]
[WhiteElo "2344"]
[BlackElo "2468"]
[PlyCount "41"]
[EventDate "2024.03.27"]
[EventType "team-swiss"]
[EventRounds "10"]
[EventCountry "CAN"]
[SourceTitle "CBM 219 Extra"]
[Source "ChessBase"]
[SourceDate "2024.05.31"]
[SourceVersion "1"]
[SourceVersionDate "2024.05.31"]
[SourceQuality "1"]

1. e4 c5 2. Nf3 Nc6 3. c3 Nf6 4. e5 Nd5 5. d4 cxd4 6. Bc4 Nb6 7. Bb3 d5 8. exd6 Qxd6 9. 0-0 Be6 10. Na3 a6 11. Bxe6 Qxe6 12. Nxd4 Nxd4 13. Qxd4 Rd8 14. Qh4 f6 15. Be3 Nd5 16. Rfe1 Nxe3 17. Rxe3 Qxa2 18. Qa4+ b5 19. Rxa2 bxa4 20. Kf1 e5 21. Re4 1/2-1/2

[Event "CAN Transnational op"]
[Site "Montreal"]
[Date "2023.06.09"]
[Round "4"]
[White "Cruz, Cristhian"]
[Black "Plotkin, Mark"]
[Result "1/2-1/2"]
[WhiteElo "2522"]
[BlackElo "2341"]
[PlyCount "149"]
[EventDate "2023.06.06"]
[EventType "swiss"]
[EventRounds "9"]
[EventCountry "CAN"]
[SourceTitle "CBM 214 Extra"]
[Source "ChessBase"]
[SourceDate "2023.07.31"]
[SourceVersion "1"]
[SourceVersionDate "2023.07.31"]
[SourceQuality "1"]

1. d4 Nf6 2. Bg5 g6 3. Bxf6 exf6 4. e3 d5 5. g3 Bd6 6. Bg2 c6 7. Ne2 h5 8. h4 Be6 9. Nd2 Nd7 10. Rc1 Qa5 11. a3 Qb6 12. Rb1 f5 13. Qc1 Qa6 14. Nf4 Nf6 15. Bf1 b5 16. c3 Ne4 17. Bd3 Qb7 18. Kf1 a5 19. Kg2 a4 20. Qc2 Qe7 21. Rbe1 0-0 22. Qd1 Qf6 23. f3 Nxd2 24. Qxd2 Rfe8 25. Rhf1 Bxf4 26. exf4 Bd7 27. Re5 Qd6 28. Rfe1 Kf8 29. Kf2 f6 30. Rxe8+ Rxe8 31. Rxe8+ Kxe8 32. Qe3+ Kd8 33. Kg2 Qe6 34. Qxe6 Bxe6 35. Kf2 Kc7 36. Ke3 Kb6 37. Kd2 Ka5 38. g4 Kb6 39. g5 fxg5 40. fxg5 Bd7 41. Bc2 Kc7 42. Ke3 Kd6 43. Kf4 Bc8 44. Bd3 Bd7 45. Ke3 Bc8 46. Bc2 Bd7 47. Kf4 Bc8 48. b3 axb3 49. Bxb3 Ba6 50. Bc2 Ke6 51. Bd1 Kd6 52. Bb3 Bb7 53. Bc2 Bc8 54. Ke3 Ba6 55. Kd2 Bc8 56. Bd3 Bd7 57. Kc2 Be8 58. Kc1 Bd7 59. Bc2 Bc8 60. Kb2 Bd7 61. a4 bxa4 62. Bxa4 f4 63. Bc2 Be8 64. Kb3 c5 65. Ka3 cxd4 66. cxd4 Kc7 67. Ba4 Bf7 68. Kb4 Kb6 69. Bd7 Kc7 70. Ba4 Kb6 71. Bb5 Be6 72. Bd3 Bf7 73. Bc2 Be8 74. Bd3 Bf7 75. Bc2 1/2-1/2